000 00647nam a2200241 i 4500
001 C2-0112806
003 PPAK
005 20180727104033.0
008 970703s1996 my |||| ||||| | may d
020 _a9839888498
040 _aPPAK
_beng
_cPPAK
_erda
082 0 4 _a297.5
_223
090 0 0 _a297.5
_bBAG
_dG
245 0 0 _aBagaimana memiliki jiwa yang tenang
264 1 _aBatu Caves, Selangor :
_bPustaka Ilmi ,
_c1996
300 _avii, 171 pages ;
_c21 cm
336 _2rdacontent
_atext
337 _2rdamedia
_aunmediated
338 _2rdacarrier
_avolume
650 1 0 _aIslamic ethics
700 0 _aAn-Najwa,
_ecompile
942 _ddc
_cB
999 _c28471
_d28471